000 00285nam a2200121Ia 4500
008 191201s2003 xx 000 0 und d
100 _aCHATTOPADHYAY,R
245 0 _aTechnology of Carding
260 _c2003
_bNCUTE-IIT DELHI
300 _a208
650 _aB.Tech(TE)
942 _2ddc
_cBK
999 _c6805
_d6805